00493nam a2200133Ia 4500008004100000050002800041245009200069260005600161300002100217500005100238521000700289650003600296650002700332140529s9999 xx 000 0 und d aHN 670.3.Z9b.R382 2005 aReligion, violence, and political mobilisation in South Asia /cedited by Ravinder Kaur aThousand Oaks, Calif. :bSage Publications,cc2005. a228 p. ;c22 cm. aIncludes bibliographical references and index. aGE aReligion and statexSouth Asia. aTerrorismxSouth Asia.